Momento detrasferencia /C. O.Bennett (Registro nro. 25257)
[ vista simple ]
| 000 -LÍDER | |
|---|---|
| fixed length control field | 00303nam a2200121 4500 |
| 020 ## - NÚMERO INTERNACIONAL NORMALIZADO PARA LIBROS | |
| ISBN | 07-066180-4 |
| 082 ## - NUMERO DE CLASIFICACION DECIMAL DEWEY | |
| Número de Clasificación | 660.284.2.B163m |
| 100 ## - ASIENTO PRINCIPAL--NOMBRE PERSONAL | |
| Nombre personal | Bennett C. O. |
| 245 ## - TÍTULO | |
| Título | Momento detrasferencia /C. O.Bennett |
| 260 ## - PUBLICACIÓN, DISTRIBUCIÓN, ETC. (PIE DE IMPRENTA) | |
| Lugar de publicación, distribución, etc. | USA : internacional |
| 300 ## - DESCRIPCIÓN FÍSICA | |
| Extensión | 832p/25cm. |
| 650 ## - ASIENTO SECUNDARIO DE MATERIA - TERMINO TEMÁTICO | |
| Término temático o nombre geográfico como elemento de entrada | 1.MOMEMNTO DETRASFERENCAI |
| No. biblioteca | No. biblioteca | Número de clasificación | Código de barras/Número de adquisición | Número de copia | Tipo de material |
|---|---|---|---|---|---|
| LUIS G. INCLAN | LUIS G. INCLAN | 660.284.2.B163m | 7593 | 3 | Libros |
